1802 1902 1855 1076 1343 1783 1519 1261 1779 1254 1549 1848 1781 1050 1327 1783 1732 1316 1263 1499 1733 1215 1894 1281 1520 1594 1250 1035 1793 1075 1162 1248 1542 1482 1957 1411 1263 1941 1101 1829 1758 1690 1865 1039 1812 1777 1973 1869 1590 1319 1331 1235 1355 1751 1398 1078 1001 1164 1494 1524 1318 1279 1326 1805 1499 1461 1855 1424 1872 1667 1754 1426 1515 1622 1794 1314 1446 1403 1742 1687 1332 1071 1845 1397 1671 1987 1810 1180 1003 1333 1948 1910 1241 1165 1520 1224 1001 1039 1792 BCNSPRNW ULIB Ver.6.0+V

เปลี่ยนเป็นภาษาไทย

Change to English
 แสดงรายละเอียดบรรณานุกรม
  กลับหน้าหลัก

Brief Record : Get Marc (ISO 2709) : E-mail record : QR code < ปิดหน้าต่าง
LEADER : 00000nam 2200000uu 4500
001    13399114015
003     ULIB
008    120125s2542||||th 000 0 tha d
020    ^a9746615955 (pbk.)
060 04 ^aWA395^bว358ก 2542
100 0  ^aวสันต์ ศิลปสุวรรณ
245 10 ^aการวางแผนและประเมินผลโครงการส่งเสริมสุขภาพ :
250    ^aพิมพ์ครั้งที่ 2
260    ^aกรุงเทพฯ :^bคณะสาธารณสุขศาสตร์ มหาวิทยาลัยมหิดล,^c2542
300    ^a252 หน้า :^bภาพประกอบ ;^c26 ซม.
650  2 ^aHealth Promotion
650  4 ^aการส่งเสริมสุขภาพ
700 0  ^aพิมพ์พรรณ ศิลปสุวรรณ
710 2  ^aมหาวิทยาลัยมหิดล. ^bคณะสาธารณสุขศาสตร์
945    ^p250^l0^i8750
995  ก ^aณชพร
999 ^a ใช้งานได้ทุกระบบ
รายการนี้ยังไม่มีแท็ก
คุณยังไม่ได้ล็อกอิน คุณสามารถมีกิจกรรมร่วมกับเว็บไซต์ได้ แต่ต้องล็อกอินก่อน ::
  ล็อกอิน

รายการสื่อสารสนเทศ

ลำดับที่ ประเภท เลขเรียก/บาร์โค้ด สถานที่ สถานะ
- ไม่พบข้อมูล -

รายการใกล้เคียง
    หัวเรื่อง [Health Promotion]
    หัวเรื่อง [การส่งเสริมสุขภาพ]

BibComment


ยังไม่เคยถูกคอมเมนท์

คอมเมนท์ทรัพยากรรายการนี้
  คอมเมนท์: การวางแผนและประเ..


 Copyright 2026. Bcnsprnw @Library